02938nam a22002894a 4500003000900000005001700009008004100026040001300067041000800080044000800088082002100096100003500117245013900152260009100291300003200382502019900414520175600613650001702369650002502386650001302411651002002424653002402444653003602468942001602504999001302520952011502533BOLpUSFA20220725202956.0 t bo do grm 001 u spa u aBOLpUSFA aspa abol aPSI0001bF397r T aFernández Reyes, Nury Andrea aRelación entre la depresión posparto y los factores socio-demográficos en mujeres asistidas en el Hospital de San Borja – Beni aLa Paz: bUniversidad Privada San Francisco de Asís, Carrera de Psicología, c2012 a133 p. bTapa durac29 cm.  aTesis de Grado presentada para optar el Grado Académico de Licenciatura en Psicología – Universidad Privada San Francisco de Asís, La Paz, 2012. – Tutor: Dra. Norma Barrenechea Cueto  aLa presente investigación se realizó en el Municipio de San Borja debido a que se contó con la colaboración de la Institución para realizar esta investigación, ya que el tema elegido denotó el interés por parte del plantel médico como también la predisposición de las mujeres que participaron de la investigación. La importancia de un adecuado control prenatal y perinatal, a fin de identificar de forma oportuna aquellas patologías mentales que afectan directamente a la madre, así como la intervención de factores sociodemográficos como: edad, el estado civil, número de hijos, utilización de métodos anticonceptivos podrían incidir sobre el grado de depresión de las mujeres asistidas para dar a luz en el Hospital de San Borja. Por tanto el presente trabajo de investigación se basará básicamente en: Detectar el porcentaje de depresión posparto en mujeres puérperas que fueron asistidas en el Hospital de San Borja – Beni. Las participantes, pertenecientes a este Municipio, fueron mujeres en etapa de posparto, se obtuvo una muestra de 161 pacientes, sin embargo solo 109 cumplieron los criterios de inclusión. El instrumento utilizado para esta investigación fue el Cuestionario Postnatal de Edimburgo. El método utilizado es cuantitativo, realizando un estudio descriptivo a partir de un análisis estadístico. Los resultados reflejaron que los síntomas depresivos que más predominaron en la investigación fueron: angustia, tristeza, sentimientos de culpa y ansiedad, los cuales se presentan en mayor porcentaje en mujeres adolescentes, solteras y primerizas. Por otro lado se identificó que la mayoría de las mujeres atraviesan por una Disforia Posparto o Baby Blues.  aPsicología aDepresión posparto aDisforia aSan Borja, Beni aMujeres embarazadas aDepresión postnatal Edimburgo 2ddccTEzJC c949d949 00102ddc407082aBVZbBVZc3d2021-06-30e4g1.00l0oPSI0001 F397r TpBVZ00111r2021-06-30w2021-06-30yTE